000 00539nam a2200181Ia 4500
003 OSt
005 20250818152215.0
008 210210b xxu||||| |||| 00| 0 eng d
040 _cAL
041 _akan
082 _a851/226
100 _aNAGAVARMA
_9159611
_dನಾಗವರ್ಮ
245 _aKarnataka kavyamanjari mattu shabdasmrati:
_bಕರ್ನಾಟಕ ಕಾವ್ಯಮಂಜರಿ ಮತ್ತು ಶಬ್ದಸ್ಮ್ರತಿ
260 _a-
_b-
690 _aKannada Poetry
_9159612
906 _a018244
942 _2ddc
_cBK
999 _c78095
_d78095